|
|
|
|
| LEADER |
00000cam a2200000 4500 |
| 001 |
vtls011977094 |
| 003 |
SK-MaSNL |
| 005 |
20260302093625.0 |
| 008 |
220509s2017 xo da frn 000 0 slo |
| 015 |
|
|
|a SNBA2021/03
|
| 020 |
|
|
|a 9788097252519
|q (brožované)
|
| 035 |
|
|
|a urn:nbn:sk:snk-am00gdqc
|
| 035 |
|
|
|a urn:nbn:sk:snk-am3j6cq
|
| 035 |
|
|
|a 1C30FFF6-C4DE-4A7F-BDC3-7AA9766EBD24
|
| 040 |
|
|
|a SNK
|b slo
|c SNK
|e rda
|
| 041 |
0 |
|
|a slo
|
| 044 |
|
|
|a xo
|c SK
|
| 072 |
|
7 |
|a 657
|x Účtovníctvo
|2 konspekt
|
| 080 |
|
|
|a 657.6-051
|2 2011
|
| 080 |
|
|
|a 657.37
|2 2011
|
| 080 |
|
|
|a (048.8)
|2 2011
|
| 100 |
1 |
|
|a Kareš, Ladislav
|4 aut
|9 9466
|
| 245 |
1 |
0 |
|a Formovanie názoru na účtovnú závierku a správa audítora
|c Ladislav Kareš, Petra Krišková
|
| 250 |
|
|
|a Prvé vydanie
|
| 264 |
|
1 |
|a Bratislava
|b Slovenská komora certifikovaných účtovníkov
|c 2017
|
| 300 |
|
|
|a 138 strán
|b grafy, ilustrácie, tabuľky
|
| 336 |
|
|
|a text
|b txt
|2 rdacontent
|
| 337 |
|
|
|a bez média
|b n
|2 rdamedia
|
| 338 |
|
|
|a zväzok
|b nc
|2 rdacarrier
|
| 366 |
|
|
|e 250 kusov
|
| 504 |
|
|
|a Obsahuje bibliografiu
|
| 650 |
0 |
7 |
|a audítori
|2 SNKPH
|9 3648
|
| 650 |
0 |
7 |
|a účtovná závierka
|2 SNKPH
|9 59787
|
| 650 |
0 |
7 |
|a audítorstvo
|2 SNKPH
|9 73979
|
| 650 |
0 |
7 |
|a Balancing of accounts
|2 SNKPHeng
|9 357945
|
| 655 |
|
7 |
|a monografie
|2 SNKPH
|9 70139
|
| 655 |
|
7 |
|a Monographs
|2 SNKPHeng
|9 120675
|
| 700 |
1 |
|
|a Krišková, Petra,
|d 1981-
|4 aut
|9 200321
|
| 919 |
|
|
|a 978-80-972525-1-9
|
| 958 |
|
|
|a NB
|
| 999 |
|
|
|c 1209721
|d 1211651
|
| 952 |
|
|
|a SNK
|b SNK
|y PREZ
|7 0
|p 17A1427647
|o snkSC 189196
|i snk2020/11447
|8 0
|0 0
|1 0
|4 0
|d 2020-06-26
|f 1
|l 0
|r 2025-10-06 00:00:00
|w 2026-02-24
|